000 00489nam a22001817a 4500
003 MPLRDC
005 20220104174656.0
008 210129b ||||| |||| 00| 0 eng d
020 _a983-62-7441-3
082 _a524.944 ABD
100 _aNIK HASSAN SHUHAIMI BIN NIK ABDUL RAHMAN
245 _aSEJARAH TINGKATAN 4 BUKU TEKS
_c
250 _a第二版
260 _a马来西亚
_bDEWAN BAHASA DAN PUSTAKA
_c2003
300 _b284
650 _a自修用书
942 _cBK
_o524.944 ABD
999 _c59979
_d59969